00397nam a22001457a 450000500170000000800410001702000130005804100130007108200130008410000130009724500430011026000430015330000290019665000260022520240305070240.0240305b |||||||| |||| 00| 0 eng d a10233806 aEnglish  a349 BUT  lEnglish  aButterworths Law Reports : Labour Law  aDurban : bLexisNexis (Pty) Ltd,c2017 bxx, 104 pages ; c25 cm. aLegal practice bLaw